000 00382nam a2200133 4500
005 20260120124751.0
008 260120b |||||||| |||| 00| 0 eng d
020 _a9789352691067
100 _aRam Pathak Jay
245 _aCryptography and Network Security
_c/Jay Ram Pathak
260 _aNew Delhi;
_bRandom Publications;
_c2019.
300 _aviii, 260p.;ill
_c24cm
942 _2lcc
_n0
_cBK
999 _c142
_d142